| 000 | 01221nmc a2200373 a 4500 | ||
|---|---|---|---|
| 003 | AR-BaBNM | ||
| 005 | 20251128203640.0 | ||
| 008 | 217019s1984 ||||||||||||||000 | spa|| | ||
| 040 | _cAR-BaBNM | ||
| 100 | 1 | _aAburto Spitzer, Germán | |
| 245 | 1 | 0 |
_aLa gran aventura educativa _beducación escolar y extraescolar centrada en la persona |
| 260 |
_aSantiago de Chile _bPaulinas _c1984 |
||
| 300 | 0 |
_a185 p. _btablas, il., diagr. |
|
| 490 | 0 |
_aPedagogía dinámica _vv. 1 |
|
| 504 | _aBibliografía: p. 183-185 | ||
| 650 | 4 | _aACTIVIDADES FUERA DE PROGRAMA | |
| 650 | 4 | _aTIEMPO LIBRE | |
| 650 | 4 | _aEDUCACION PERMANENTE | |
| 650 | 4 | _aDINAMICA DE GRUPO | |
| 650 | 4 | _aACTIVIDADES EN GRUPO | |
| 650 | 4 | _aACTIVIDADES FISICAS | |
| 650 | 4 | _aANIMADORES DE EQUIPOS PEDAGOGICOS | |
| 650 | 4 | _aANIMADORES DE GRUPOS DE JOVENES | |
| 650 | 4 | _aANIMADORES DE LA COMUNIDAD | |
| 650 | 4 | _aTRABAJO EN EQUIPO | |
| 650 | 4 | _aDISCUSION EN GRUPO | |
| 653 | 0 | _aACTIVIDADES EXTRAESCOLARES | |
| 700 | 1 |
_aBurrows Galán, Fernando _ecolaborador |
|
| 700 | 1 |
_aPereira Opazo, Fermín _ecolaborador |
|
| 700 | 1 |
_aReyes Santelices, José _ecolaborador |
|
| 700 | 1 |
_aTorres Aedo, Jaime _ecolaborador |
|
| 942 | _cBK | ||
| 998 | _cSILVI | ||
| 999 |
_c4317 _d4317 |
||